PSV Squad 23/24 - Statistics

General Stats
  • This quiz has been taken 122 times
  • The average score is 20 of 24
Answer Stats
# Nation Former Club Answer % Correct
9 Netherlands Sevilla Luuk de Jong
99%
11 Belgium Youth Johan Bakayoko
96%
27 Mexico Napoli Hirving Lozano
94%
20 Netherlands Feyenoord Guus Til
92%
34 Morocco Youth Ismael Saibari
92%
7 Netherlands Club Brugge Noa Lang
92%
8 USA Barcelona Sergino Dest
92%
1 Argentina Nice Walter Benitez
90%
23 Netherlands Heerenveen Joey Veerman
88%
10 USA Bayern Malik Tillman
88%
18 France Nice Olivier Boscagli
86%
3 Netherlands Youth Jordan Teze
85%
22 Netherlands Bologna Jerdy Schouten
83%
5 Brazil RB Salzburg Andre Ramalho
82%
17 Brazil Youth Mauro Junior
82%
14 USA Augsburg Ricardo Pepi
82%
30 Netherlands Galatasaray Patrick van Aanholt
75%
4 Netherlands Youth Armando Obispo
72%
6 Germany Southampton Armel Bella-Kotchap
72%
16 Netherlands Twente Joel Drommel
68%
32 Belgium Youth Yorbe Vertessen
68%
2 Netherlands Youth Shurandy Sambo
61%
26 Netherlands Youth Isaac Babadi
58%
24 Netherlands Kreta Boy Waterman
56%
No matching quizzes found
Score Distribution
Percent of People with Each Score
Percentile by Number Answered
Your Score History
You have not taken this quiz